Project Finance in Theory and Practice : (Record no. 8650)
[ view plain ]
| 000 -LEADER | |
|---|---|
| fixed length control field | 01199nam a22003135a 4500 |
| 006 - FIXED-LENGTH DATA ELEMENTS--ADDITIONAL MATERIAL CHARACTERISTICS--GENERAL INFORMATION | |
| fixed length control field | a||||f ||z| 00| 0 |
| 008 - FIXED-LENGTH DATA ELEMENTS--GENERAL INFORMATION | |
| fixed length control field | 110706t2008 maua|||fr|||| 001 0 eng d |
| 010 ## - LIBRARY OF CONGRESS CONTROL NUMBER | |
| LC control number | 2008271057 |
| 020 ## - INTERNATIONAL STANDARD BOOK NUMBER | |
| International Standard Book Number | 0123736994 (hbk.) |
| 020 ## - INTERNATIONAL STANDARD BOOK NUMBER | |
| International Standard Book Number | 9780123736994 (hbk.) |
| 035 ## - SYSTEM CONTROL NUMBER | |
| System control number | (OCoLC)ocn166624871 |
| 040 ## - CATALOGING SOURCE | |
| Original cataloging agency | EG-ScBuE |
| Language of cataloging | eng |
| Transcribing agency | EG-ScBuE |
| 082 04 - DEWEY DECIMAL CLASSIFICATION NUMBER | |
| Classification number | 332.6722 |
| Item number | GAT |
| Edition number | 22 |
| 100 1# - MAIN ENTRY--PERSONAL NAME | |
| Personal name | Gatti, Stefano, |
| 9 (RLIN) | 26186 |
| 245 10 - TITLE STATEMENT | |
| Title | Project Finance in Theory and Practice : |
| Remainder of title | Designing, Structuring, and Financing Private and Public Projects / |
| Statement of responsibility, etc | Stefano Gatti. |
| 260 ## - PUBLICATION, DISTRIBUTION, ETC. (IMPRINT) | |
| Place of publication, distribution, etc | Burlington : |
| Name of publisher, distributor, etc | Academic Press, |
| Date of publication, distribution, etc | c.2008. |
| 300 ## - PHYSICAL DESCRIPTION | |
| Extent | xxi, 414 p. : |
| Other physical details | ill. ; |
| Dimensions | 27 cm. + |
| Accompanying material | 1 CD-ROM (4 3/4 in.) |
| 490 ## - Series Statement | |
| Series statement | Academic Press advanced finance series |
| 500 ## - GENERAL NOTE | |
| General note | Glossary : p. 379-393. |
| 500 ## - GENERAL NOTE | |
| General note | Index : p. 401-414. |
| 504 ## - BIBLIOGRAPHY, ETC. NOTE | |
| Bibliography, etc | Bibliography : p. 395-399. |
| 590 ## - LOCAL NOTE (RLIN) | |
| Local note | yassmeen ashraf |
| 650 #0 - SUBJECT ADDED ENTRY--TOPICAL TERM | |
| Topical term or geographic name as entry element | Public works |
| General subdivision | Finance. |
| 9 (RLIN) | 26188 |
| Source of heading or term | BUEsh |
| 650 #0 - SUBJECT ADDED ENTRY--TOPICAL TERM | |
| Topical term or geographic name as entry element | Construction industry |
| General subdivision | Capital investments. |
| 9 (RLIN) | 26189 |
| Source of heading or term | BUEsh |
| 651 ## - SUBJECT ADDED ENTRY--GEOGRAPHIC NAME | |
| Source of heading or term | BUEsh |
| 653 ## - INDEX TERM--UNCONTROLLED | |
| Resource For college | BAEPS, Economics |
| Arrived date list | August2015 |
| 856 42 - ELECTRONIC LOCATION AND ACCESS | |
| Materials specified | Publisher description |
| Uniform Resource Identifier | <a href="http://www.loc.gov/catdir/enhancements/fy0811/2008271057-d.html">http://www.loc.gov/catdir/enhancements/fy0811/2008271057-d.html</a> |
| 942 ## - ADDED ENTRY ELEMENTS (KOHA) | |
| Item type | Book - Borrowing |
| Call number prefix | 332.6722 GAT |
| Source of classification or shelving scheme | Dewey Decimal Classification |
| Withdrawn status | Item status | Source of classification or shelving scheme | Damaged status | Not for loan | Home library | Current library | Shelving location | Date acquired | Source of acquisition | Total Checkouts | Full call number | Barcode | Date last seen | Date last borrowed | Koha item type | Vendor |
|---|---|---|---|---|---|---|---|---|---|---|---|---|---|---|---|---|
| Dewey Decimal Classification | Central Library | Central Library | First floor | 08/03/2016 | Purchase | 1 | 332.6722 GAT | 000010574 | 15/07/2025 | 08/11/2009 | Book - Borrowing | |||||
| Dewey Decimal Classification | Central Library | Central Library | First floor | 06/07/2011 | 332.6722 GAT | 000010575 | 24/08/2022 | CD | DVD - With book |